• 首页
  • 本馆介绍
  • 公告通知
  • 最新文献
  • 馆藏检索
  • 电子资源
  • 读者导购
  • 参考咨询
  • 我的图书馆
  • 登录
  • 详细信息显示
  • 放入我的书架
  • 预约/预借图书
  • 作者相关作品
  • 分类相关作品
  • 丛书相关作品
  • 出版社相关作品

书目信息

  • 表格格式
  • 工作单格式
  • 卡片格式
书名: Post-pop art
作者: [collected by] Paul Taylor.
分册号:
分册名:
出版地: Cambridge, Mass. :
 
出版社: MIT Press
出版时间: 1989.
页数: 189 p. ;
开本: 19 cm.
丛书名: New criticism series
中图分类号:
科图分类号:
其他分类号: J6
主题词:
电子资源:
000 00982nam a2200325 a 450
001 E0761039529
005 20070510165850.54
008 880915s1989 mau b 000 0 eng
010    @a88062705
020    @a0262700379.
035    @A(DLC) 88062705
040    @aDLC@cDLC@dDLC
050 00 @aN6494.P6@bP68 1989
082 00 @a709/.04/071@2 20
090    @aJ6
099    @dJ6@ex33
245 00 @aPost-pop art / @c[collected by] Paul Taylor.
250    @a1st MIT Press ed.
260    @aCambridge, Mass. :@bMIT Press,@c1989.
300    @a189 p. ;@c19 cm.
440  0 @aNew criticism series ;@vno. 1
500    @a"Flash art books."
504    @aIncludes bibliographical references.
650  0 @aPop art.
650  0 @aArt, Modern@y20th century.
700 1  @aTaylor, Paul.
906    @a7@bcbc@corignew@d2@eopcn@f19@gy-gencatlg
922    @aad
955    @abx57 to bc00 06-22-89; bc09 09-26-89; fc21 09-28-89
991    @bc-GenColl@hN6494.P6@iP68 1989@tCopy 1@wBOOKS
    
    Post-pop art / / [collected by] Paul Taylor.-1st MIT Press ed.-Cambridge, Mass. : : MIT Press, , 1989.
    189 p. ; ; 19 cm.- (New criticism series ; no. 1 )
    "Flash art books." .-Includes bibliographical references.
    
    ISBN 0262700379.
    
●
相关链接 在E读中查询图书 在五车中查询图书 在当当中查询图书 在豆瓣中查询图书


正题名:Post-pop art     索取号:J6/x33         预约/预借

序号 登录号 条形码 馆藏地/架位号 状态 备注
1 7883   300078831   第二样本阅览室/ [索取号:J6/x33] 在馆    
2 7884   300078840   第四借阅区/ [索取号:J6/x33] 在馆    
3 7885   300078859   第四借阅区/ [索取号:J6/x33] 在馆    
4 7886   300078868   密集书库/ [索取号:J6/x33] 在馆    
5 7887   300078877   密集书库/ [索取号:J6/x33] 在馆    
6 7888   300078886   密集书库/ [索取号:J6/x33] 在馆    
唐山师范学院图书馆 欢迎您!
大连网信软件有限公司© 版权所有